Hidalgo

Spremljeno u:
Bibliografski detalji
Glavni autor: Chavarri, Juan N (Autor)
Format: Knjiga
Jezik:španjolski
Izdano: Ciudad de México Diana 1971
Teme:
Oznake: Dodaj oznaku
Bez oznaka, Budi prvi tko označuje ovaj zapis!

MARC

LEADER 00000nam a2200000 a 4500
001 UCP8281
003 CL-VaPUC
008 000114e19710000MX |||||||||||||||||spa|d
082 0 4 |a 923.5  |b CHA  |2 21 
100 0 |a Chavarri, Juan N  |e author  |9 438130 
245 1 0 |a Hidalgo 
300 |a 209 p 
942 |c BK 
945 |d 20000114 00:00:00  |a rherrera 
260 |a Ciudad de México  |b Diana  |c 1971 
600 0 7 |a HIDALGO, MIGUEL  |2 CL-VaPUC  |9 438131 
650 0 |a Biografías  |9 255210 
650 7 |a CAUDILLOS  |2 CL-VaPUC  |9 406764 
650 0 |a Independencia   |9 344246 
651 0 |a México  |9 255269 
583 |a last modification  |c 20000114 00:00:00  |k Rodrigo Vera 
999 |c 285213  |d 285211 
952 |0 0  |1 0  |4 0  |6 923_500000000000000_CHA_1971  |7 0  |8 A  |9 329650  |a BIBHIS  |b BIBHIS  |d 2019-11-20  |i 1375024  |o 923.5 CHA 1971  |p 1375024  |r 2025-01-20  |w 2019-11-20  |y BK  |k HIS